The Mysore Legislative Council, 1962-1966: a review (Record no. 490831)

000 -LEADER
fixed length control field 00379cam a22001097a 4500
008 - FIXED-LENGTH DATA ELEMENTS--GENERAL INFORMATION
fixed length control field 180718b1967 xxu||||| |||| 00| 0 eng d
082 ## - DEWEY DECIMAL CLASSIFICATION NUMBER
Classification number G21x5444 M999/1962-66
245 ## - TITLE STATEMENT
Title The Mysore Legislative Council, 1962-1966: a review
Statement of responsibility, etc. by Legislature Secretariat, Mysore
260 ## - PUBLICATION, DISTRIBUTION, ETC.
Place of publication, distribution, etc. Bangalore
Name of publisher, distributor, etc. Legislature Secretariat
Date of publication, distribution, etc. 1967
300 ## - PHYSICAL DESCRIPTION
Extent 197+p.
700 ## - ADDED ENTRY--PERSONAL NAME
Personal name Mysore. Legislature Secretariat
Holdings
Withdrawn status Lost status Damaged status Not for loan Permanent Location Current Location Date acquired Full call number Barcode Date last seen Price effective from Koha item type
        Indian Institute of Public Administration Indian Institute of Public Administration 2018-08-04 G21x5444 M999/1962-66 GG6931 2018-08-04 2018-08-04 GG

Powered by Koha